000 01311nam a2200337 4500
003 EG-GICUC
005 20260121101204.0
008 251110s2022 ua ||||gr|||| 00| 0 ara d
017 _a202213023
020 _a9789779421377
040 _a EG-GICUC
_bara
_c EG-GICUC
_d EG-GICUC
_erda
041 0 _aara
082 0 4 _221
_a341.84
_bه ا . ن
092 0 4 _221
099 _aLaw1 12 341.84 ه ا . ن 1 ed - 2022
100 0 _aهاني محمد حسانين أحمد
_eمؤلف.
245 1 2 _aالنظام القانوني لعقد تسليم المفتاح :
_bعقود المنشآت الصناعية الدولية /
_cهاني محمد حسانين أحمد.
250 _aالطبعة الاولى
264 1 _aالقاهرة :
_bدار النهضة العربية،
_c2022.
300 _a612 ؛صفحة
_c24 سم
336 _2rda content
_atext
337 _2rda media
_aComputer
338 _2rda carrier
_aOnline Resource
504 _aيحتوي على اراجاعات ببليوجرافية يحتوي على قائمة بالمراجع.
546 _aالنص باللغة العربية
650 1 _aعقود دولية
_x قانون دولي خاص
651 1 _2qrmak
856 4 0 _uhttps://fll.law.cu.edu.eg/fulltext/bks/B12-00832.pdf
905 _a75
942 _2ddc
_n0
_cBK
_e21
999 _c42200
_d42200